| 000 -LEADER |
| fixed length control field |
00739cam a2200241 i 4500 |
| 020 ## - INTERNATIONAL STANDARD BOOK NUMBER |
| ISBN |
9781412964234 (cloth) |
| 020 ## - INTERNATIONAL STANDARD BOOK NUMBER |
| ISBN |
1412964237 (cloth) |
| 020 ## - INTERNATIONAL STANDARD BOOK NUMBER |
| ISBN |
9781412964241 (pbk.) |
| 020 ## - INTERNATIONAL STANDARD BOOK NUMBER |
| ISBN |
1412964245 (pbk.) |
| 040 ## - CATALOGING SOURCE |
| Transcribing agency |
DLC |
| 082 00 - DEWEY DECIMAL CLASSIFICATION NUMBER |
| Classification number |
658 REP 2000 C156 Or. |
| 100 1# - MAIN ENTRY--AUTHOR NAME |
| Personal name |
Zunker, Vernon G., |
| 245 10 - TITLE STATEMENT |
| Title |
Career, work, and mental health : |
| Remainder of title |
integrating career and personal counseling / |
| 246 30 - VARYING FORM OF TITLE |
| Title proper/short title |
Integrating career and personal counseling |
| 246 30 - VARYING FORM OF TITLE |
| Title proper/short title |
Career and personal counseling |
| 300 ## - PHYSICAL DESCRIPTION |
| Number of Pages |
xv, 269 pages : |
| Other physical details |
illustrations ; |
| Dimensions |
26 cm |
| 650 #0 - SUBJECT ADDED ENTRY--TOPICAL TERM |
| Topical Term |
Vocational guidance |
| 650 #0 - SUBJECT ADDED ENTRY--TOPICAL TERM |
| Topical Term |
Work |
| 650 #0 - SUBJECT ADDED ENTRY--TOPICAL TERM |
| Topical Term |
Mental health. |
| 650 #0 - SUBJECT ADDED ENTRY--TOPICAL TERM |
| Topical Term |
Counseling psychology. |
| 650 #0 - SUBJECT ADDED ENTRY--TOPICAL TERM |
| Topical Term |
Psychology, Industrial. |
| 942 ## - ADDED ENTRY ELEMENTS (KOHA) |
| Koha item type |
ADB |
| 952 ## - LOCATION AND ITEM INFORMATION (KOHA) |
| Withdrawn status [LOCAL, KOHA] |
0 |